| 000 | 00488pab a2200181 454500 | ||
|---|---|---|---|
| 008 | 180718b2009 xxu||||| |||| 00| 0 eng d | ||
| 100 | _aManick, Mehar Singh | ||
| 245 | _aSpecial economic zones and agrarian unrest in Punjab | ||
| 260 | _c2009 | ||
| 300 | _ap.432-45. | ||
| 362 | _aOct-Dec | ||
| 650 | _aEconomic zones - India - Punjab | ||
| 650 | _aAgrarian structure - India - Punjab | ||
| 650 | _aAgrarian structure | ||
| 773 | _aSocial Action | ||
| 908 | _aN | ||
| 909 | _a84706 | ||
| 999 |
_c84706 _d84706 |
||